[Event "AUT-ch qual"]
[Site "Koeflach"]
[Date "2006.09.06"]
[Round "5"]
[White "Winiwarter, Felix"]
[Black "Mittendorfer, Josef"]
[Result "1-0"]
[WhiteElo "2175"]
[BlackElo "2127"]
[PlyCount "85"]
[EventDate "2006.09.02"]
[EventType "swiss"]
[EventRounds "9"]
[EventCountry "AUT"]
[SourceTitle "CBM 114 Extra"]
[Source "ChessBase"]
[SourceDate "2006.11.03"]
[SourceVersion "1"]
[SourceVersionDate "2006.11.03"]
[SourceQuality "1"]

1. d4 d5 2. Nf3 Nf6 3. c4 e6 4. Nc3 Be7 5. e3 0-0 6. Bd3 Nbd7 7. 0-0 a6 8. b3 c5 9. Qe2 cxd4 10. exd4 b6 11. Bb2 Bb7 12. Ne5 Re8 13. Rac1 Nf8 14. Rfd1 Qd6 15. Bb1 Rac8 16. c5 bxc5 17. dxc5 Qb8 18. Na4 Ne4 19. c6 Ba8 20. Qxa6 f6 21. Bxe4 fxe5 22. Bd3 Bd6 23. Qb5 e4 24. Qxb8 Bxb8 25. Bb5 Bc7 26. Ba6 Rb8 27. Bd4 Ng6 28. Ba7 Rbd8 29. b4 Rd6 30. b5 Bxc6 31. bxc6 Ra8 32. Bc5 Rxa6 33. Bxd6 Bxd6 34. Nc5 Rxc6 35. Nxe6 Rxc1 36. Rxc1 Kf7 37. Nd4 Be5 38. Nb5 Ne7 39. a4 d4 40. a5 d3 41. a6 Nd5 42. Rc5 Ke6 43. Rxd5 1-0

[Event "AUT-ch qual"]
[Site "Koeflach"]
[Date "2006.09.05"]
[Round "4"]
[White "Mittendorfer, Josef"]
[Black "Halvax, Georg"]
[Result "1/2-1/2"]
[WhiteElo "2127"]
[BlackElo "1969"]
[PlyCount "69"]
[EventDate "2006.09.02"]
[EventType "swiss"]
[EventRounds "9"]
[EventCountry "AUT"]
[SourceTitle "CBM 114 Extra"]
[Source "ChessBase"]
[SourceDate "2006.11.03"]
[SourceVersion "1"]
[SourceVersionDate "2006.11.03"]
[SourceQuality "1"]

1. d4 d5 2. g3 e6 3. Bg2 Nf6 4. Nf3 Be7 5. c4 0-0 6. 0-0 dxc4 7. Qc2 a6 8. a4 Bd7 9. Ne5 Nd5 10. Nxc4 Nc6 11. Rd1 Bf6 12. e3 a5 13. Nc3 Ncb4 14. Qe2 Bc6 15. e4 Nb6 16. Nxb6 cxb6 17. Be3 Re8 18. Rac1 Qd7 19. b3 Qe7 20. d5 exd5 21. exd5 Bd7 22. Qd2 Qd8 23. Ne4 Be5 24. f4 Bb8 25. Qf2 Ba7 26. Kh1 Bf5 27. Nc3 Nd3 28. Rxd3 Bxd3 29. Rd1 Bc2 30. Qxc2 Rxe3 31. Nb5 Qd7 32. d6 Bb8 33. Nc7 Ra7 34. Nb5 Ra8 35. Nc7 1/2-1/2

[Event "AUT-ch qual"]
[Site "Koeflach"]
[Date "2006.09.04"]
[Round "3"]
[White "Neumeier, Klaus"]
[Black "Mittendorfer, Josef"]
[Result "1-0"]
[WhiteElo "2283"]
[BlackElo "2127"]
[PlyCount "37"]
[EventDate "2006.09.02"]
[EventType "swiss"]
[EventRounds "9"]
[EventCountry "AUT"]
[SourceTitle "CBM 114 Extra"]
[Source "ChessBase"]
[SourceDate "2006.11.03"]
[SourceVersion "1"]
[SourceVersionDate "2006.11.03"]
[SourceQuality "1"]

1. e4 e5 2. Nf3 Nf6 3. d4 Nxe4 4. Bd3 d5 5. Nxe5 Nd7 6. Nxd7 Bxd7 7. 0-0 Bd6 8. Nc3 Nxc3 9. bxc3 0-0 10. Qh5 f5 11. Re1 c6 12. Bg5 Qc7 13. c4 b6 14. Qf3 dxc4 15. Bxc4+ Kh8 16. Qh5 Be8 17. Qh4 Bg6 18. Re6 Be8 19. Rxd6 1-0

[Event "Linz county-ch"]
[Site "Linz"]
[Date "1999.03.29"]
[Round "4"]
[White "Riegler, Stefan"]
[Black "Mittendorfer, Josef"]
[Result "0-1"]
[WhiteElo "1819"]
[BlackElo "2058"]
[PlyCount "62"]
[EventDate "1999.03.26"]
[EventType "swiss"]
[EventRounds "9"]
[EventCountry "AUT"]
[SourceTitle "EXT 2004"]
[Source "ChessBase"]
[SourceDate "2003.11.25"]
[SourceVersion "1"]
[SourceVersionDate "2003.11.25"]
[SourceQuality "1"]

1. Nf3 d5 2. g3 c6 3. Bg2 Bf5 4. 0-0 Nd7 5. d3 Ngf6 6. Nbd2 e5 7. Re1 Qb6 8. Nh4 Bg4 9. h3 Bh5 10. Bf3 g5 11. Ng2 g4 12. hxg4 Nxg4 13. e3 f5 14. Nh4 Ndf6 15. Nxf5 0-0-0 16. Qe2 Rg8 17. b4 e4 18. dxe4 dxe4 19. Nxe4 Nxe4 20. Bxe4 Bxb4 21. c3 Bxc3 22. Ne7+ Kc7 23. Rb1 Qa5 24. Qc4 Ne5 25. Rxb7+ Kxb7 26. Bxc6+ Kc7 27. Qb3 Nxc6 28. Nxc6 Kxc6 29. Ba3 Bxe1 30. Qe6+ Kb7 31. Qe4+ Qd5 0-1